000 00445nam a2200193Ia 4500
008 210210b1958 xxu||||| |||| 00| 0 eng d
041 _aeng
082 _a822/410
100 _aFORSEE (A)
245 _aAmerican women who scored firsts
260 _aPhiladelphia
_bNot Mentioned
_c1958
650 _awomen
650 _awho
650 _ascored
650 _afirsts
650 _aAmerican
690 _aEnglish Prose
906 _a012596
999 _c131403
_d131403